| 000 | 00600nam a2200205 i 4500 | ||
|---|---|---|---|
| 001 | 68324 | ||
| 003 | ES-MaACL | ||
| 005 | 20230906170246.0 | ||
| 007 | t| | ||
| 008 | 040617s2003 sp ||||1| spa d | ||
| 020 | _a84-607-97996 | ||
| 080 | _a347.755(091) | ||
| 100 | 1 |
_aGómez Rojo, María E. _958143 |
|
| 245 | 1 | 0 |
_aHistoria jurídica del anatocismo / _cMaría Encarnación Gómez Rojo. |
| 260 |
_aBarcelona : _b[s.n.], _c2003. |
||
| 300 |
_a84 p. ; _c20 cm. |
||
| 504 | _aBibliografía: p. 83-84. | ||
| 650 | 1 | 4 |
_aInterés- _xDerecho- _zEspaña. _913872 |
| 852 |
_aES-MaACL _jL-27955 _bR.133755 |
||
| 999 |
_c68324 _d68324 |
||